00497nam a22001697a 450000500170000001000130001702000260003003500130005603700140006908200060008310000190008924500790010826000320018727000680021930000200028770000200030720240628145751.0 aB-760001 a9780143427919c250.00 aB-760001 aDPLbGift aS aDalal, Deepak  aA flamingo in my garden / cby Deepak Dalal; illustrated by Lavanya Naidu  aGurgaon bPuffin Bookc2016 a7th Floor, Infinity Tower C, DLF Cyber City, bGurgaon e122002 a96p.c19cm(pbk) aNaidu, Lavanya